000 00347nam a22001337a 4500
082 _a943.086
_bROB
_cD
100 _aStephen H. Roberts
_950238
245 _aThe house that hittler buil
_cRoberts H.
260 _alondon
_bmetbuen
_c1939
300 _a406p.:
526 _a0
_b0
_c0
_d943_086000000000000_ROB
650 _aMCE
_9379
942 _2ddc
_cBK
999 _c552965
_d552965